LEADER 00951nam a2200217 i 4500 001 000000256554 003 CaOOAMICUS 005 20171204000000.0 008 171204s1877 it u000 u ita u 013 $a235462 040 $aSeMil$bita 100 1 $aTodhunter, Isaac.$0(OLS)http://semarc/name/92864 245 10$aElementi di trigonometria :$bcon molti esempii /$cper I. Todhunter ; versione dall'inglese con aggiunte e note di Vito Eugenio. 260 $aNapoli :$bGiuseppe Marghieri,$c1877. 300 $aVIII, 322 p. :$bill. ;$c19 cm. 650 4$aTrigonometria.$0(OLS)http://semarc/subject/37855 700 1 $aVito, Eugenio.$0(OLS)http://semarc/name/94667 850 $aSeMil 852 $aSeMil$W1$xVenegono$y1$m3W II 78 FA$j206900$B206900$CSeMilBibl$Z2$F220278 $8I 996 $6245$aElementi di trigonometria :$bcon molti esempii$9(OLS)http://semarc/title/412331 996 $6260$aNapoli :$bGiuseppe Marghieri$9(OLS)http://semarc/publisher/33497 LEADER 01375nam a2200313 i 4500 001 000000256766 003 CaOOAMICUS 005 20180102000000.0 008 180102s2008 it u000 u ita u 013 $a235674 020 $a978-88-01-04114-9 020 $a978-88-7135-328-9 040 $aSeMil$bita 100 1 $aBosco, Teresio,$c.$0(OLS)http://semarc/name/18061 245 10$aPaolo :$bil primo missionario /$cTeresio Bosco. 260 $aGorle :$bVelar,$ccopyr. 2008. 260 $aTorino :$bElledici,$ccopyr. 2008. 300 $a47 p. :$bill. ;$c21 cm. 490 0 $aCollana blu "Messaggeri d'amore" protagonisti della fede ;$v65 650 4$aPaolo - Missione.$0(OLS)http://semarc/subject/15668 830 0$aCollana blu : messaggeri d'amore, protagonisti della fede ;$v65.$0(OLS)http://semarc/title/38058 850 $aSeMil 852 $aSeMil$W1$xVenegono$y1$m5B III 40/14$j207112$B207112$CSeMilBibl$Z2$F220589 $81 961 $aOmaggio: Altro 996 $6020$a978-88-01-04114-9$9(OLS)http://semarc/number/281231 996 $6020$a978-88-7135-328-9$9(OLS)http://semarc/number/281232 996 $6245$aPaolo :$bil primo missionario$9(OLS)http://semarc/title/412447 996 $6260$aTorino :$bElledici$9(OLS)http://semarc/publisher/30644 996 $6260$aGorle :$bVelar$9(OLS)http://semarc/publisher/33489